Geography Quiz

Random Geography or State Quiz

Smallest US State per Letter Minefield Quiz Stats

 Plays Quiz Updated Feb 26, 2016

Challenge
Share
Tweet
Embed
Score 0/20 Timer 07:00
11 Plays Today
Letter State % Correct
D???
72.7%
C???
65.8%
H???
63.8%
R???
62.4%
F???
57.5%
G???
55.6%
V???
47.5%
A???
45.4%
L???
40.2%
K???
37.8%
Letter State % Correct
U???
37.3%
M???
34.7%
I???
31.9%
O???
30.5%
W???
29.3%
N???
28.8%
T???
28.6%
P???
28.3%
S???
24.2%
Mines???
11.3%

You're not logged in!

Compare scores with friends on all Sporcle quizzes.
OR
Log In

You Might Also Like...

Show Comments

Extras

Top Quizzes Today


Score Distribution

Your Account Isn't Verified!

In order to create a playlist on Sporcle, you need to verify the email address you used during registration. Go to your Sporcle Settings to finish the process.

Report this User

Report this user for behavior that violates our Community Guidelines.

Details: